Testing product, pricing, and promotional strategies for vending machine interventions with a college population / (Record no. 20977)
[ view plain ]
| 000 -LEADER | |
|---|---|
| fixed length control field | 00920nam a22001937a 4500 |
| 005 - DATE AND TIME OF LATEST TRANSACTION | |
| control field | 20250828141132.0 |
| 008 - FIXED-LENGTH DATA ELEMENTS--GENERAL INFORMATION | |
| fixed length control field | 240828b ||||| |||| 00| 0 eng d |
| 082 ## - DEWEY DECIMAL CLASSIFICATION NUMBER | |
| Classification number | DPer 647.95 J826 January-December 2019 v. 22 n.1-6 |
| 100 ## - MAIN ENTRY--PERSONAL NAME | |
| Personal name | Sowers, Morgan F. |
| Relator term | author. |
| 9 (RLIN) | 59224 |
| 245 ## - TITLE STATEMENT | |
| Title | Testing product, pricing, and promotional strategies for vending machine interventions with a college population / |
| Statement of responsibility, etc. | Morgan F. Sowers, Sarah Colby, Katie Kavanagh, and Wenjun Zhou. |
| 260 ## - PUBLICATION, DISTRIBUTION, ETC. (IMPRINT) | |
| Place of publication, distribution, etc. | Philadelphia ; |
| Name of publisher, distributor, etc. | Taylor & Francis Group , |
| Date of publication, distribution, etc. | July-August 2019. |
| 300 ## - PHYSICAL DESCRIPTION | |
| Extent | Volume 22, pages 303-325 : |
| Other physical details | illustration ; |
| Dimensions | 26 cm. |
| 500 ## - GENERAL NOTE | |
| General note | Journal of Foodservice Business Research, vol. 22, no. 4, pages 303-325, July-August 2019. |
| 700 ## - ADDED ENTRY--PERSONAL NAME | |
| Personal name | Sowers, Morgan F. |
| Relator term | author. |
| 9 (RLIN) | 59224 |
| 700 ## - ADDED ENTRY--PERSONAL NAME | |
| Personal name | Colby, Sarah. |
| Relator term | author. |
| 9 (RLIN) | 59225 |
| 700 ## - ADDED ENTRY--PERSONAL NAME | |
| Personal name | Kavanagh, Katie. |
| Relator term | author. |
| 9 (RLIN) | 59226 |
| 700 ## - ADDED ENTRY--PERSONAL NAME | |
| Personal name | Zhou, Wenjun. |
| Relator term | author. |
| 9 (RLIN) | 59227 |
| 942 ## - ADDED ENTRY ELEMENTS (KOHA) | |
| Source of classification or shelving scheme | Dewey Decimal Classification |
| Koha item type | Periodicals |
| Withdrawn status | Lost status | Source of classification or shelving scheme | Damaged status | Not for loan | Collection code | Home library | Current library | Date acquired | Total Checkouts | Date last seen | Price effective from | Koha item type | Public note |
|---|---|---|---|---|---|---|---|---|---|---|---|---|---|
| Dewey Decimal Classification | Periodicals | UM Digos College - LIC | UM Digos College - LIC | 11/26/2024 | 11/26/2024 | 11/26/2024 | Periodicals | Periodical Article |
